000 01096aam a2200217 i 4500
001 189530
003 SpMaBN
005 20230906223508.0
008 190607s1878 po af |||| | por d
080 _a903(469)
100 1 _aRibeiro, Carlos.
_996751
245 1 0 _aNoticia de algumas estações e monumentos prehistoricos
_b: memória apresentada á Academia Real das Sciencias de Lisboa /
_cpor Carlos Ribeiro ; [com a traducçao em francez].
246 3 _aNotice sur quelques stations et monuments préhistoriques
260 _aLisboa :
_bTyp. da Academia,
_c1878.
300 _a69, 72 p., [1] h., 21 h. de lám. :
_bil. ;
_c30 cm.
546 _aTexto en portugués y francés (2ª secuencia de 72 p.)
594 _aPrecede al tít.: Estudos prehistoricos em Portugal.
651 7 _aPortugal-
_xRestos arqueológicos.
_9137322
710 2 _aAcademia das Ciências de Lisboa.
_91159
852 _aES-MaACL
_jL-32447(3)
_z- Enc. cart.
_z- Legado Federico de Botella y de Hornos
_z- Enc. en 1 vol. facticio, con nombre en el lomo de: "Portugal: geología, memorias y documentos varios"
999 _c189530
_d189530